[Event "Olympiad Women 2024"]
[Site "Budapest HUN"]
[Date "2024.09.18"]
[Round "7.33"]
[Board "2"]
[White "Badenhorst, Chloe"]
[Black "Medic, Mirjana"]
[Result "1/2-1/2"]
[WhiteElo "1981"]
[BlackElo "2101"]
[PlyCount "82"]
[EventDate "2024.09.11"]
[WhiteTeam "South Africa"]
[BlackTeam "Croatia"]
[WhiteTeamCountry "RSA"]
[BlackTeamCountry "CRO"]

1. e4 e6 2. d4 d5 3. e5 c5 4. c3 Nc6 5. Nf3 Bd7 6. Be2 Nge7 7. Na3 cxd4 8. cxd4 Nf5 9. Nc2 Be7 10. O-O O-O 11. Bd3 f6 12. Bxf5 exf5 13. Re1 Be8 ({RR} 13... Rc8 14. Bd2 Be8 15. Bc3 f4 16. Qd2 a5 17. exf6 Bxf6 18. Qxf4 Bxd4 19. Qd2 Bb6 20. Ncd4 Bd7 21. Ne5 Qc7 22. f4 Nd8 23. Kh1 Qd6 24. Rad1 Re8 25. Ndf3 Nc6 26. Nxd7 Qxd7 27. Qxd5+ Qxd5 28. Rxd5 {½-½ Firouzja,A (2785)-Carlsen,M (2853) Titled Tue 18th Apr Late 2023 (11)}) 14. e6 $146 ({RR} 14. exf6 Bxf6 15. Qd3 f4 16. Bxf4 Bg6 17. Qd2 Bxc2 18. Qxc2 Nxd4 19. Nxd4 Bxd4 20. Be3 Qf6 21. Bxd4 Qxd4 22. Rad1 Rac8 23. Qd2 Qxd2 24. Rxd2 Rc5 25. g3 a5 26. Re7 Rf7 27. Re8+ Rf8 28. Re7 Rf7 {½-½ Nitin,S (2373)-Kaidanov,G (2554) Qatar Masters Open 2023 (4.26)}) ({RR} 14. Qd3 f4 15. Bxf4 Bg6 16. Qd1 fxe5 17. Bxe5 Rc8 18. Ne3 Be4 19. Nd2 Bb4 20. Nxe4 Bxe1 21. Qb3 Kh8 22. Qxd5 Bb4 23. Rd1 Qxd5 24. Nxd5 Rfd8 25. Nxb4 Nxe5 26. f4 Ng4 27. Nc3 Ne3 28. Rd3 Nc4 {0-1 Sindarov,J (2684)-Ghosh,D (2564) Dubai Police Open A 2024 (7.9)}) ({RR} 14. Qd3 Bh5 15. Bf4 g5 16. exf6 Bxf6 17. Be5 Be7 18. b4 f4 19. Qb3 Bg6 20. a3 Qd7 21. Rac1 Rac8 22. h3 b5 23. Nd2 Nd8 24. Na1 Nf7 25. Qb2 g4 26. hxg4 Qxg4 27. Rxc8 Rxc8 28. Bxf4 Qxf4 {1-0 Ponomariov,R (2650)-Suarez Gomez,J (2453) TCh-ESP Div 1 2023 (4.1)}) ({RR} 14. exf6 Bxf6 15. Ne5 Bxe5 16. dxe5 d4 17. Qd3 f4 18. Bd2 Qd5 19. Nb4 Nxb4 20. Bxb4 Bg6 21. Qd2 Rf5 22. e6 f3 23. Rad1 Rg5 24. Qxd4 Rxg2+ 25. Kh1 Qxd4 26. Rxd4 Rxf2 27. e7 Re8 28. Rf4 h6 {0-1 Xiong,J (2692)-Carlsen,M (2853) Titled Tue 27th Jun Late 2023 (11)}) 14... g5 15. g3 Bh5 16. Qd3 Bg6 17. Qe2 Re8 18. Bd2 f4 19. Bc3 fxg3 20. hxg3 Bf8 21. Rac1 Bf5 22. Nd2 Rxe6 23. Qf3 Rxe1+ 24. Nxe1 Qd7 25. Ng2 Bg7 26. Ne3 Be6 27. g4 Ne7 28. Ndf1 f5 29. gxf5 Nxf5 30. Nxf5 Bxf5 31. Ng3 Bg6 32. b3 Rf8 33. Qg2 g4 34. Bb2 Rf3 35. Qh2 Bf8 36. Re1 Qf7 37. Bc1 Bb4 38. Re5 Bd6 39. Re1 Bb4 40. Re5 Bd6 41. Re1 Bb4 1/2-1/2

[Event "Olympiad Women 2024"]
[Site "Budapest HUN"]
[Date "2024.09.18"]
[Round "7.33"]
[Board "3"]
[White "Berke, Ana"]
[Black "Klaasen, Robyn Julian"]
[Result "1-0"]
[WhiteElo "2093"]
[BlackElo "1764"]
[PlyCount "79"]
[EventDate "2024.09.11"]
[WhiteTeam "Croatia"]
[BlackTeam "South Africa"]
[WhiteTeamCountry "CRO"]
[BlackTeamCountry "RSA"]

1. e4 {Tsesarsky,Ilya} c5 2. Nf3 g6 3. c4 Nc6 4. d4 cxd4 5. Nxd4 Nf6 6. Nc3 Bg7 7. Be3 d6 8. Be2 O-O 9. Nb3 a5 ({RR} 9... b6 10. O-O Bb7 11. f4 Rc8 ({RR} 11... Nd7 12. Nd4 a6 ({RR} 12... Nc5 13. Bf3 Bxd4 14. Bxd4 Nxd4 15. Qxd4 Rc8 16. b3 a6 17. Rad1) 13. b3 Rc8 14. Rc1 e6 15. Nxc6 Rxc6 16. Bf3 e5 ({RR} 16... Qc7 17. e5 d5 18. Bd4)) 12. Bf3 Nd7 13. Rc1 Nc5 14. Rf2 Re8 ({RR} 14... Nxb3 15. axb3 Nb4 16. Rd2 Qc7 17. Nb5 Qb8) 15. Rd2 Qc7 ({RR} 15... Nxb3 16. axb3 Nb4 17. e5 Bxf3 18. Qxf3 Qd7 19. Ne4) 16. Nd5 Qb8 17. Bf2 ({RR} 17. Nxc5 bxc5) 17... e6 18. Ne3 Nb4 19. Nxc5 bxc5 ({RR} 19... dxc5 20. a3 Nc6 21. e5 f6 22. exf6 Bxf6 23. Ng4 Bg7 24. Bg3) 20. b3 Qa8 21. a3 Nc6 22. Rxd6 Nd4 23. Ng4 Red8 ({RR} 23... Bxe4 24. Bxe4 Qxe4 25. Bxd4 cxd4 ({RR} 25... Bxd4+ 26. Qxd4 Qxd4+ 27. Rxd4 cxd4 28. Nf6+ Kf8 29. Nxe8 Kxe8 30. Rd1) 26. Qd2 ({RR} 26. Qf3 Qxf3 27. gxf3 Red8 28. Rxd8+ Rxd8) 26... Red8 27. Rxd8+ Rxd8 28. Nf2 Qb7 29. b4) 24. Rxd8+ {½-½ Kortschnoj,V (2635)-Andersson,U (2655) Ubeda 1997 (2)}) ({RR} 9... Be6 10. f3 Nd7 11. Rc1 ({RR} 11. Nd4 Nxd4 12. Bxd4 Bxd4 13. Qxd4 Qb6 14. Qd2 f5 15. O-O-O Qc5 16. exf5 Qxf5 17. Bd3 Qf4 18. Qxf4 Rxf4 19. b3 Nc5 20. Bc2 Rf7 21. Rhe1 Bf5 22. b4 Na6 23. a3 Bxc2 24. Kxc2 Nc7 25. Kb3) 11... a5 12. Nd4 Nxd4 13. Bxd4 Bxd4 14. Qxd4 Qb6 15. Qxb6 Nxb6) 10. O-O ({RR} 10. Nd4 a4 11. f3 Qa5 12. Qd2 Nxd4 13. Bxd4 Nd7 14. Bxg7 Kxg7 15. Rc1 Nc5 16. O-O Be6 17. Rfd1 Rfc8 18. Kh1 Qb4 19. Bf1 Kg8 20. Rc2 Bxc4 21. Bxc4 Qxc4 22. Nd5 {1-0 Zhu,J (2486)-Pino Perez,L (2142) Titled Tue 28th Feb Late 2023 (5)}) 10... a4 11. Nd4 a3 $146 ({RR} 11... Nxd4 12. Bxd4 Be6 13. Nxa4 Nxe4 14. Bxg7 Kxg7 15. Qd4+ Nf6 16. Nb6 Ra6 17. c5 Rxa2 18. Rxa2 Bxa2 19. Rd1 Qc7 20. cxd6 exd6 21. Qxd6 Qc2 22. Qd2 Qc5 23. Qd4 Qxd4 24. Rxd4 Re8 25. Kf1 Re4 26. Rxe4 {½-½ Nouro,M (2250)-Agopov,M Helsinki-ch 1995}) 12. b3 Nxd4 13. Bxd4 Nd7 14. Rc1 Bxd4 15. Qxd4 b6 16. Bg4 Nc5 17. Bxc8 Rxc8 18. Rfd1 Re8 19. h3 Qc7 20. Rd2 Qb7 21. Qe3 Qc6 22. Kh2 Rcd8 23. f4 Ne6 24. Rcd1 Nc7 25. f5 b5 26. cxb5 Nxb5 27. Nd5 Kg7 28. Rf1 f6 29. Nf4 Nc7 30. fxg6 hxg6 31. Qd3 Kf7 32. e5 Rg8 33. exf6 exf6 34. Rc2 Qd7 35. Rxc7 Qxc7 36. Qd5+ Ke8 37. Qxg8+ Kd7 38. Qf7+ Kc8 39. Qxc7+ Kxc7 40. Ne6+ 1-0

[Event "Olympiad Women 2024"]
[Site "Budapest HUN"]
[Date "2024.09.18"]
[Round "7.33"]
[Board "4"]
[White "Strong, Davida"]
[Black "Ivekovic, Tihana"]
[Result "0-1"]
[WhiteElo "1733"]
[BlackElo "2143"]
[PlyCount "54"]
[EventDate "2024.09.11"]
[WhiteTeam "South Africa"]
[BlackTeam "Croatia"]
[WhiteTeamCountry "RSA"]
[BlackTeamCountry "CRO"]

1. d4 Nf6 2. c4 e6 3. Nc3 Bb4 4. Qc2 d5 5. e3 O-O 6. a3 Bxc3+ 7. bxc3 b6 8. cxd5 exd5 9. Bd3 Re8 10. Nf3 Nbd7 11. O-O Bb7 12. a4 a6 $146 ({RR} 12... a5 13. Ba3 Ne4 14. Rab1 h6 15. Rfc1 Rc8 16. Nd2 Ndf6 17. f3 Nd6 18. Re1 Rb8 19. Nf1 Bc6 20. Bc1 Qd7 21. Ra1 Re7 22. Ng3 Rbe8 23. Bd2 Bb7 24. Bc1 Qc8 25. Qf2 Ba6 26. Bxa6 Qxa6 27. Ba3 {1-0 Booth,S (2118)-Voon,R (1917) Begonia op 47th 2013 (6)}) 13. Ba3 c5 14. Qb2 Bc6 15. Bc2 Rb8 16. Rfb1 Ne4 17. Bd1 Qf6 18. Rc1 Nd6 19. Rab1 Nc4 20. Qa2 h6 21. Bb3 Qe6 22. Nd2 Qg6 23. g3 Nf6 24. Bc2 Qg4 25. Nxc4 dxc4 26. Qxc4 Qf3 27. Kf1 Rxe3 0-1

[Event "Olympiad Women 2024"]
[Site "Budapest HUN"]
[Date "2024.09.18"]
[Round "7.34"]
[Board "1"]
[White "Samaganova, Aleksandra"]
[Black "Terao, Juliana Sayumi"]
[Result "0-1"]
[WhiteElo "1948"]
[BlackElo "2161"]
[PlyCount "74"]
[EventDate "2024.09.11"]
[WhiteTeam "Kyrgyzstan"]
[BlackTeam "Brazil"]
[WhiteTeamCountry "KGZ"]
[BlackTeamCountry "BRA"]

1. c4 e6 2. Nf3 Nf6 3. e3 d5 4. Nc3 b6 5. b3 a6 6. Bb2 Bd6 7. d4 Bb7 8. Qc2 Nbd7 9. Bd3 dxc4 10. Bxc4 $146 ({RR} 10. bxc4 c5 11. d5 exd5 12. cxd5 b5 13. O-O c4 14. Bf5 O-O 15. Ne4 Nxe4 16. Qxe4 Nf6 17. Qh4 h6 18. Rad1 Nd7 19. Qg4 Nf6 20. Qh3 b4 21. Bd4 Re8 22. e4 Bc8 23. e5 Bf8 24. exf6 {1-0 Ribeiro,M (2244)-Brancaleoni,M (2180) Titled Tue 27th Aug Late 2024 (2)}) 10... c5 11. Rd1 cxd4 12. Rxd4 Qc7 13. a4 O-O 14. h3 Rac8 15. O-O Ne5 16. Ne1 Bc5 17. Rd1 Nxc4 18. bxc4 Qc6 19. Ne2 Be7 20. Rc1 Ne4 21. Nd4 Qc5 22. Nd3 Qg5 23. f4 Qg3 24. Rf3 Qh4 25. f5 Ng5 26. Rf4 Qg3 27. Kf1 Qxe3 28. Re1 Bxg2+ 29. Kxg2 Qxh3+ 30. Kg1 e5 31. Rxe5 Bd6 32. Re2 Bxf4 33. Nxf4 Qg4+ 34. Ng2 Rfd8 35. Qc3 Rxd4 36. Qe3 Re4 37. Qc3 Nh3+ 0-1

[Event "Olympiad Women 2024"]
[Site "Budapest HUN"]
[Date "2024.09.18"]
[Round "7.34"]
[Board "2"]
[White "Librelato, Kathie Goulart"]
[Black "Zhanybekova, Begimay"]
[Result "1-0"]
[WhiteElo "2181"]
[BlackElo "1784"]
[PlyCount "71"]
[EventDate "2024.09.11"]
[WhiteTeam "Brazil"]
[BlackTeam "Kyrgyzstan"]
[WhiteTeamCountry "BRA"]
[BlackTeamCountry "KGZ"]

1. e4 {Movsesian,Sergei} c5 2. Nf3 e6 3. d4 cxd4 4. Nxd4 Nc6 5. Nc3 Qc7 6. Be3 a6 7. Qd2 Nf6 8. O-O-O b5 9. Bf4 Qb6 10. Nb3 Bb4 ({RR} 10... Ng4 11. f3 Nge5 12. Kb1 ({RR} 12. Nd5 Qb8) 12... d6 13. Be3 Qb7 14. h4 Rb8 15. Qf2 Bd7 ({RR} 15... Be7 16. Bg5 ({RR} 16. Qg3) 16... f6 17. Bc1) 16. h5 Nc4 17. Bc1 Qb6 18. Qxb6 Nxb6 19. Bf4 Ne5 20. Nc5 Bc8 21. a4 ({RR} 21. Nd3 f6) 21... f6 22. Nb3 bxa4 23. Na5 Kf7 24. Ka2 Bd7 25. Be3 {½-½ Leko,P (2743)-Movsesian,S (2651) Olympiad-35 Bled 2002 (3.1)} {RR} d5 26. Bxb6 Rxb6 27. exd5 Bb4 28. Nc4 Nxc4 29. Bxc4 Bxc3 30. bxc3 Rc8) 11. f3 d5 ({RR} 11... O-O 12. g4 Rd8 13. g5 Ne8 14. Kb1) 12. a3 Be7 13. e5 $146 ({RR} 13. exd5 exd5 14. Nxd5 Nxd5 15. Qxd5 Be6 16. Qe4 Bxb3 17. cxb3 O-O 18. Kb1 b4 19. a4 Rfe8 20. Bd3 g6 21. Rhe1 Bf6 22. Qxe8+ Rxe8 23. Rxe8+ Kg7 24. Bc4 Ne7 25. Bc1 Qf2 26. Rd2 Qg1 27. g3 Nc6 {1-0 Studer,N (2403)-Erenberg,A (2251) Marianske Lazne GM 14th 2015 (6)}) ({RR} 13. exd5 exd5 14. Nxd5 Nxd5 15. Qxd5 O-O 16. Bd3 Be6 17. Qe4 g6 18. Qe3 Qxe3+ 19. Bxe3 Ne5 20. Be4 Rac8 21. Bd5 Nc4 22. Bxe6 fxe6 23. Bh6 Rfe8 24. Nd2 Nb6 25. Ne4 Nd5 26. Rhe1 b4 27. axb4 Bxb4 {1-0 Panagiotopoulos,A (2200)-Hrisanthopoulos,D (2044) Isthmia op-A 2nd 2012 (8)}) 13... Nd7 14. Be3 Qc7 15. f4 Bb7 16. Kb1 Rc8 17. h4 b4 18. axb4 Nxb4 19. Rh3 O-O 20. Rg3 Bc6 21. Bd4 g6 22. h5 Nb6 23. f5 exf5 24. Qh6 Be8 25. e6 f6 26. hxg6 Bxg6 27. Rxg6+ hxg6 28. Qxg6+ Kh8 29. Bxa6 Qh2 30. Bxc8 Nxc8 31. Nc5 Nc6 32. Nd7 Nxd4 33. Nxf8 Nxc2 34. Qf7 Bxf8 35. Qxf8+ Kh7 36. Qf7+ 1-0

[Event "Olympiad Women 2024"]
[Site "Budapest HUN"]
[Date "2024.09.18"]
[Round "7.34"]
[Board "3"]
[White "Lesbekova, Assel"]
[Black "Alboredo, Julia"]
[Result "0-1"]
[WhiteElo "1903"]
[BlackElo "2127"]
[PlyCount "94"]
[EventDate "2024.09.11"]
[WhiteTeam "Kyrgyzstan"]
[BlackTeam "Brazil"]
[WhiteTeamCountry "KGZ"]
[BlackTeamCountry "BRA"]

1. e4 c5 2. Nf3 Nc6 3. Bb5 Nf6 4. Nc3 Qc7 5. O-O Nd4 6. Bd3 Ng4 7. g3 Nxf3+ 8. Qxf3 Ne5 9. Qf4 ({RR} 9. Qe2 c4 10. Nd5 Qc6 11. b4 cxd3 12. cxd3 e6 13. b5 Qd6 14. f4 exd5 15. fxe5 Qxe5 16. Rb1 Bc5+ 17. Kh1 d6 18. d4 Bxd4 19. d3 dxe4 20. Bf4 Qe7 21. Qh5 O-O 22. Rbe1 e3 23. Qd5 Bb6 {0-1 Koziorowicz,M (2324)-Zhigalko,S (2572) Titled Tue 30th Jan Late 2024 (4)}) 9... g5 $146 ({RR} 9... e6 10. b3 a6 11. Bb2 d6 12. Rfe1 Be7 13. Qe3 Bf6 {½-½ Brendel,O (2378)-Ataman,A (2161) EU-ch 4th Istanbul 2003 (6)}) ({RR} 9... e6 10. Be2 a6 11. a4 Bd6 12. Qe3 h5 13. f4 Ng4 14. Bxg4 hxg4 15. e5 Be7 16. f5 d6 17. exd6 Bxd6 18. Ne4 O-O 19. f6 Be5 20. Qg5 Bd4+ 21. Kg2 {1-0 Golubev,M (2461)-Salazar Cabezas,A (2004) Titled Tuesday intern op 11th Aug blitz 2020 (1)}) ({RR} 9... e6 10. Be2 a6 11. d3 Be7 12. Qd2 b5 13. f4 Nc6 14. Bf3 O-O 15. e5 Bb7 16. Qg2 Rab8 17. Be3 Nd4 18. Bxb7 Qxb7 19. Bxd4 cxd4 20. Ne4 Qd5 21. Rae1 f5 22. exf6 gxf6 23. f5 Kh8 24. fxe6 {½-½ Nagy,L (2138)-Plischki,S (2326) Ceske Budejovice Open 2023 (6.5)}) 10. Nd5 Qb8 11. Qe3 b6 12. Be2 g4 13. b3 h5 14. Bb2 Bh6 15. Bxe5 Qxe5 16. Qc3 Qxc3 17. dxc3 Kd8 18. f3 e6 19. Nf6 Bd2 20. fxg4 Bxc3 21. Rad1 hxg4 22. Nxg4 Ke7 23. Kg2 Bb7 24. Bf3 Rag8 25. Rf2 Bxe4 26. Bxe4 Rxg4 27. Bf3 Rd4 28. Rdf1 f5 29. Bd1 Rd2 30. Rxd2 Bxd2 31. Rf2 Bc3 32. h4 d5 33. Kh3 b5 34. Be2 c4 35. Rf3 Bd2 36. bxc4 bxc4 37. Ra3 a5 38. Kg2 Rb8 39. Kf2 e5 40. g4 fxg4 41. Bxg4 Rb2 42. Bd1 d4 43. Kf3 Bb4 44. Ra4 Ke6 45. Ke4 Rb1 46. Bg4+ Kf6 47. Kd5 d3 0-1

[Event "Olympiad Women 2024"]
[Site "Budapest HUN"]
[Date "2024.09.18"]
[Round "7.34"]
[Board "4"]
[White "Dias, Clara"]
[Black "Sezdbekova, Aizhan"]
[Result "1/2-1/2"]
[WhiteElo "1954"]
[BlackElo "1799"]
[PlyCount "118"]
[EventDate "2024.09.11"]
[WhiteTeam "Brazil"]
[BlackTeam "Kyrgyzstan"]
[WhiteTeamCountry "BRA"]
[BlackTeamCountry "KGZ"]

1. e4 e5 2. Nf3 Nc6 3. Bc4 Nf6 4. d3 Bc5 5. c3 d6 6. O-O O-O 7. Nbd2 Bb6 8. Re1 Ne7 9. Nf1 Ng6 10. Bb3 ({RR} 10. Ng3 c6 11. h3 d5 12. exd5 Nxd5 13. d4 Re8 14. dxe5 Ngf4 15. Ne4 Bc7 16. Nc5 Qe7 17. Nd3 Nxd3 18. Qxd3 Be6 19. Bg5 Qf8 20. Rad1 h6 21. Bh4 Bd8 22. Bg3 Bc7 23. Nd4 Rad8 24. Bb3 Qc5 {½-½ Scholz,B (1990)-Spickermann,S (1920) 51st Sparkassen Open A 2024 (6.88)}) 10... c6 11. Ng3 Bc7 $146 ({RR} 11... Re8 12. h3 h6 13. d4 Bd7 14. dxe5 dxe5 15. Qc2 Qc7 16. Bd2 Rad8 17. Rad1 Qc8 18. Nf5 Bc7 19. Bc4 b5 20. Bd3 Be6 21. c4 Qb7 22. Bc1 Ba5 23. Rf1 Rd7 24. a4 a6 25. axb5 axb5 26. cxb5 {0-1 Khairullin,A (1998)-Mikheev,S (2259) Privolzhskogo FO-ch 2012 (5)}) ({RR} 11... h6 12. d4 Bg4 13. Qd3 Qd7 14. h3 Be6 15. dxe5 dxe5 16. Qxd7 Bxd7 17. Be3 Rfd8 18. Rad1 Kf8 19. Rd2 Bxe3 20. Rxe3 Be8 21. Nf5 Rxd2 22. Nxd2 Nd7 23. Nc4 Nc5 24. Bc2 Rd8 25. b4 Ne6 26. g3 {½-½ Hutois,M (2141)-Le Roux,J (2568) Nantes op 12th 2013 (5)}) ({RR} 11... Ng4 12. d4 Nh4 13. h3 Nxf2 14. Kxf2 Nxf3 15. gxf3 Bxh3 16. Rh1 Be6 17. Be3 Qe7 18. Qg1 d5 19. Qh2 h6 20. Rag1 exd4 21. cxd4 dxe4 22. Qxh6 f6 23. Qh7+ Kf7 24. Qxg7+ Kxg7 25. Nf5+ {1-0 Perez,F (2230)-Nobili,D (2009) Nice op 20th 2004 (5)}) 12. d4 Re8 13. Bc2 h6 14. h3 Be6 15. a4 a6 16. Be3 Qc8 17. a5 Nf8 18. Qd2 Ng6 19. Bxh6 gxh6 20. Qxh6 Qd8 21. Nf5 Bxf5 22. exf5 Nf8 23. g4 N6h7 24. dxe5 dxe5 25. g5 f6 26. Bb3+ Kh8 27. g6 Re7 28. Rad1 Qe8 29. Kh1 e4 30. Rg1 Rg7 31. gxh7 Qe7 32. Nh4 e3 33. Qxg7+ Qxg7 34. Rxg7 Kxg7 35. fxe3 Kxh7 36. Bf7 Bxa5 37. Kg2 Kh6 38. Kf3 Nh7 39. Bg6 Ng5+ 40. Kg4 Rd8 41. Rxd8 Bxd8 42. Be8 Ne4 43. Nf3 Nf2+ 44. Kg3 Nd1 45. Bd7 Bc7+ 46. Kh4 Nxe3 47. Nd4 Bh2 48. Nb3 Bg1 49. Kg3 Nc4 50. Bc8 Nd6 51. Be6 Kg5 52. h4+ Kh5 53. Na5 Be3 54. Nb3 b6 55. Kf3 Bg1 56. Kg2 Be3 57. Kf3 Bg1 58. Kg2 Be3 59. Kf3 Bg1 1/2-1/2

[Event "Olympiad Women 2024"]
[Site "Budapest HUN"]
[Date "2024.09.18"]
[Round "7.35"]
[Board "1"]
[White "Paasikangas, Johanna"]
[Black "Granados Ortiz, Maria Jose"]
[Result "1-0"]
[WhiteElo "2058"]
[BlackElo "1935"]
[PlyCount "67"]
[EventDate "2024.09.11"]
[WhiteTeam "Finland"]
[BlackTeam "Nicaragua"]
[WhiteTeamCountry "FIN"]
[BlackTeamCountry "NCA"]

1. e4 {ChessBase II} Nf6 2. e5 Nd5 3. d4 d6 4. Nf3 Bg4 5. c4 Nb6 6. exd6 exd6 7. h3 Bh5 8. Nc3 Nc6 9. Be3 Be7 10. g4 Bg6 11. h4 f5 $146 ({RR} 11... h5 12. g5 d5 13. c5 Nc4 14. Bxc4 dxc4 15. d5 Nb4 ({RR} 15... Nb8 16. Ne5) 16. Qa4+ c6 17. Qxb4 cxd5 18. Qb5+ Kf8 19. Ne5 Bf5 20. Qxb7 Rb8 21. Qxd5 Qxd5 22. Nxd5 Rxb2 23. Nxe7 Kxe7 24. Nxc4 Rc2 25. Nd6 Bg4 26. O-O {1-0 Sanz Bastos,F (1951)-Silva,A (1551) Mondariz Marcote Memorial 2014 (1)}) 12. h5 Bf7 13. gxf5 Bxc4 14. Bxc4 Nxc4 15. h6 gxh6 16. Qe2 Nxe3 17. Qxe3 Rf8 18. Rxh6 Rxf5 19. Rxh7 Qd7 20. Rh8+ Rf8 21. Rxf8+ Kxf8 22. Qh6+ Ke8 23. Qg6+ Kd8 24. O-O-O Qe8 25. Qe4 Bf6 26. Qf5 Qh8 27. Nd5 Qh6+ 28. Kb1 Be7 29. Rg1 Qf8 30. Nxe7 Kxe7 31. Qh7+ Ke6 32. Rg6+ Kd5 33. Rg5+ Ke6 34. d5+ 1-0

[Event "Olympiad Women 2024"]
[Site "Budapest HUN"]
[Date "2024.09.18"]
[Round "7.35"]
[Board "2"]
[White "Martinez Orozco, Cristiana Yorlene"]
[Black "Bederdin, Lilja"]
[Result "0-1"]
[WhiteElo "1761"]
[BlackElo "2065"]
[PlyCount "102"]
[EventDate "2024.09.11"]
[WhiteTeam "Nicaragua"]
[BlackTeam "Finland"]
[WhiteTeamCountry "NCA"]
[BlackTeamCountry "FIN"]

1. d4 d5 2. Nf3 Nf6 3. c4 dxc4 4. Nc3 a6 5. a4 Nc6 6. e3 Bg4 7. Bxc4 e6 8. O-O Be7 9. h3 Bh5 10. Be2 O-O 11. Bd2 Nb4 12. Na2 $146 ({RR} 12. Ne5 Bxe2 13. Qxe2 Nfd5 14. e4 Nb6 15. Be3 f6 16. Nc4 Nxc4 17. Qxc4 Qd7 18. d5 exd5 19. Nxd5 Nxd5 20. Rad1 Bd6 21. Rxd5 Qe6 22. Qd3 Rfe8 23. f3 Rad8 24. Rd1 Be7 25. Bf4 {½-½ Domenighini,A (1741)-Migliorati,M Brescia Province-ch 2013 (6)}) 12... Nxa2 13. Rxa2 Qd5 14. Ra1 Ne4 15. Bc3 b5 16. Nd2 Bxe2 17. Qxe2 b4 18. Nxe4 Qxe4 19. f3 Qd5 20. Be1 c5 21. dxc5 Bxc5 22. Bf2 Rfd8 23. Rad1 Qa2 24. Qc2 Be7 25. e4 Rdc8 26. Qe2 Qxa4 27. Bd4 Bc5 28. Bxc5 Rxc5 29. Ra1 Qc6 30. Rfd1 h6 31. Qe1 a5 32. Rd2 Rc2 33. Qf2 Rc1+ 34. Rxc1 Qxc1+ 35. Kh2 a4 36. Qd4 a3 37. bxa3 bxa3 38. Rd1 Qb2 39. Qxb2 axb2 40. Rb1 Rb8 41. Kg3 Kf8 42. Kf2 Ke7 43. Ke2 Kd6 44. Kd3 Ke5 45. Ke3 Rb3+ 46. Ke2 Kd4 47. Kd2 Rb5 48. h4 Rb6 49. h5 Rb5 50. Ke2 Kc3 51. Kd1 Rxh5 0-1

[Event "Olympiad Women 2024"]
[Site "Budapest HUN"]
[Date "2024.09.18"]
[Round "7.35"]
[Board "3"]
[White "Puuska, Heini"]
[Black "Cabezas Calero, Abigail Carolina"]
[Result "1-0"]
[WhiteElo "1930"]
[BlackElo "1824"]
[PlyCount "75"]
[EventDate "2024.09.11"]
[WhiteTeam "Finland"]
[BlackTeam "Nicaragua"]
[WhiteTeamCountry "FIN"]
[BlackTeamCountry "NCA"]

1. Nf3 d5 2. e3 Nf6 3. c4 e6 4. Nc3 Be7 5. b3 Nbd7 ({RR} 5... c5 6. cxd5 Nxd5 7. Bb2 Nxc3 8. Bxc3 O-O 9. h4 Bf6 10. Qc2 Bxc3 11. dxc3 Nc6 12. Bd3 f5 13. O-O-O Qa5 14. e4 b5 15. exf5 exf5 16. Rhe1 Rb8 17. Ne5 Nxe5 18. Rxe5 Qc7 19. Qe2 a6 20. Bc2 {1-0 Nepomniachtchi,I (2763)-Nakamura,H (2746) Wch Rapid St Petersburg 2018 (4)}) 6. cxd5 ({RR} 6. Bb2 O-O 7. Be2 b6 8. cxd5 Nxd5 9. Nxd5 exd5 10. O-O Nf6 11. Rc1 c5 12. d4 Re8 13. dxc5 bxc5 14. Bxf6 gxf6 15. Qc2 Be6 16. Bd3 h5 17. Nh4 Kg7 18. Bf5 Bf8 19. Bxe6 Rxe6 20. Nf5+ Kg8 {1-0 Willmoth,R (2104)-Mize,D (1870) 4NCL Easter Congress 2024 (1.12)}) 6... exd5 7. Bb2 O-O 8. Rc1 $146 ({RR} 8. Be2 c6 9. O-O Re8 10. d3 Bd6 11. Nd4 Ne5 12. h3 Ng6 13. Qd2 Qe7 14. Nc2 Nh4 15. f4 Nf5 16. Rf3 Nh4 17. Rf2 Nf5 18. Rf3 Nh4 19. Rf2 Nf5 {½-½ Arnason,T (2265)-Thorhallsson,G (2154) ISL-chT 1314 2013 (7.1)}) 8... Re8 9. Be2 Nf8 10. h3 Bf5 11. Nh4 Bg6 12. Nxg6 Nxg6 13. O-O d4 14. Nb5 d3 15. Nxc7 dxe2 16. Qxe2 Qd7 17. Nxa8 Rxa8 18. d3 Rd8 19. Rfd1 Qb5 20. Rc4 Nd5 21. Bd4 Nb6 22. Bxb6 Qxb6 23. d4 Bf6 24. Rdc1 Ne7 25. Qf3 Rd7 26. Qg3 Nc6 27. Qg4 Qd8 28. b4 a6 29. a4 h6 30. b5 axb5 31. axb5 Ne7 32. Ra4 Rd6 33. Rca1 Kh7 34. Qe4+ g6 35. Qxb7 Rb6 36. Qf3 Nd5 37. Ra8 Qd6 38. R8a6 1-0

[Event "Olympiad Women 2024"]
[Site "Budapest HUN"]
[Date "2024.09.18"]
[Round "7.35"]
[Board "4"]
[White "Alvarez Gutierrez, Patricia"]
[Black "Sippola, Sara-Olivia"]
[Result "1/2-1/2"]
[WhiteElo "1826"]
[BlackElo "1861"]
[PlyCount "64"]
[EventDate "2024.09.11"]
[WhiteTeam "Nicaragua"]
[BlackTeam "Finland"]
[WhiteTeamCountry "NCA"]
[BlackTeamCountry "FIN"]

1. d4 d5 2. c4 e6 3. Nc3 Nf6 4. Bg5 Be7 5. Nf3 O-O 6. e3 h6 7. Bh4 b6 8. cxd5 Nxd5 9. Bg3 c5 10. Be2 cxd4 11. exd4 Ba6 12. O-O Bxe2 13. Qxe2 Nc6 14. Rac1 Rc8 $146 ({RR} 14... Qd7 15. Rfd1 Rfd8 16. h3 Rac8 17. Ne4 Nf6 18. Kh2 Qb7 19. Nc3 Bd6 20. Be5 Qb8 21. g3 Bxe5 22. dxe5 Nd7 23. Re1 Nc5 24. Rcd1 Rxd1 25. Rxd1 Rd8 26. Qb5 Rxd1 27. Nxd1 Qc7 28. b4 Nd7 29. Qc4 {0-1 Sallay,R-Portisch,L HUN-ch19 Budapest 1964}) 15. Rfd1 Qd7 16. Ne5 Nxe5 17. dxe5 Nxc3 18. Rxc3 Qa4 19. b3 Qb4 20. Rcd3 Rfd8 21. h3 Rxd3 22. Qxd3 Qa3 23. Qe2 Rc1 24. Rxc1 Qxc1+ 25. Kh2 Qc5 26. Qa6 Qc7 27. Qd3 Bc5 28. Qe4 Qd7 29. Qe2 a5 30. Qc2 Qd4 31. Qe2 Qd7 32. Qc2 Qd4 1/2-1/2

[Event "Olympiad Women 2024"]
[Site "Budapest HUN"]
[Date "2024.09.18"]
[Round "7.36"]
[Board "1"]
[White "Ampaire, Shakira"]
[Black "Wafa, Shrook"]
[Result "0-1"]
[WhiteElo "1839"]
[BlackElo "2137"]
[PlyCount "68"]
[EventDate "2024.09.11"]
[WhiteTeam "Uganda"]
[BlackTeam "Egypt"]
[WhiteTeamCountry "UGA"]
[BlackTeamCountry "EGY"]

1. e4 c5 2. Nf3 Nc6 3. d4 cxd4 4. Nxd4 Nf6 5. Nc3 e5 6. Ndb5 d6 7. Nd5 Nxd5 8. exd5 Nb8 9. c4 Be7 10. Bd3 O-O 11. O-O a6 ({RR} 11... Bd7 12. Nc3 f5 13. c5 Be8 14. Qe2 Kh8 15. Bb5 Bxb5 16. Nxb5 a6 17. cxd6 Bxd6 18. Nxd6 {½-½ Anand,V (2782)-Leko,P (2741) Dortmund final 2004 (1.1)}) 12. Nc3 Nd7 13. Qh5 $146 ({RR} 13. b4 f5 14. Bb2 e4 15. Nxe4 fxe4 16. Bxe4 Nf6 17. Qd4 Rf7 18. Rae1 Nxe4 19. Qxe4 Bf5 20. Qe2 Bf6 21. f3 Qb6+ 22. Kh1 Qxb4 {0-1 Julien,J-Nepomiachty,A (2195) Syre Memorial op 19th 1996 (2)}) ({RR} 13. Qc2 g6 14. Be3 f5 15. f3 b6 16. b3 Bf6 17. Rac1 Nc5 18. Be2 f4 19. Bxc5 bxc5 20. Ne4 Be7 21. Bd3 Kg7 22. Qb2 Bf5 23. Nf2 Bd7 24. Ne4 Qb6 25. Rb1 Rfb8 26. Kh1 Qc7 27. Qc2 Be8 {0-1 Popczynska,M (1805)-Lasok,M (1968) Adolf Anderssen Mem 2024 (9.25)}) ({RR} 13. Kh1 f5 14. f3 Bg5 15. b4 a5 16. a3 axb4 17. Bxg5 Qxg5 18. axb4 Rxa1 19. Qxa1 Qd2 20. Be2 Nb8 21. Qc1 Qxc1 22. Rxc1 Na6 23. Rb1 Bd7 24. c5 Nc7 25. Bc4 Kh8 26. Ra1 Ra8 27. Rxa8+ Nxa8 {1-0 Sukandar,I (2220)-Liu,Y (2049) Phu Quoc zt 3.3 2007 (6)}) ({RR} 13. Qc2 g6 14. Bh6 Re8 15. Kh1 f5 16. f3 Bg5 17. Bxg5 Qxg5 18. b4 Nf6 19. c5 Bd7 20. Rac1 Rec8 21. Na4 Bxa4 22. Qxa4 Nh5 23. Rfd1 Qh4 24. Rc4 e4 25. Qd7 b5 26. cxb6 Rxc4 27. b7 Rd8 {½-½ Gedevanishvili,D-Yurtaev,L URS-ch46 Semifinal 1978}) 13... g6 14. Qe2 f5 15. Bh6 Rf7 16. f3 Nc5 17. Kh1 Nxd3 18. Qxd3 Bd7 19. Rac1 Rc8 20. Be3 Bg5 21. f4 exf4 22. Bxf4 Bxf4 23. Rxf4 Qg5 24. Rcf1 Re7 25. Ne2 Rce8 26. Nd4 Re3 27. Qd2 Qxf4 28. Kg1 Qe4 29. Nf3 Qxc4 30. b3 Qg4 31. h3 Qg3 32. Nd4 Bb5 33. Ne6 Re2 34. Rf2 Qxf2+ 0-1